Dokumente seines Lebens 1815-1898

Bibliographic Details
Other Authors: Wolter, Heinz (upr)
Format: Book
Language:German
PhysicalDescription:477 s. 8°
Published: Leipzig Verl. Philipp Reclam jun. 1986

MARC

LEADER 00000nam a2200000 a 4500
001 vtls001331861
003 SK-MaSNL
005 20260301235720.0
008 210928s1986 DE 0 ger
035 |a SNK000284753 
040 |a SNK  |b slo  |c SNK  |e AACR2 
044 |a DE 
245 1 |a Dokumente seines Lebens 1815-1898  |c Hrsg.von Heinz Wolter 
260 |a Leipzig  |b Verl. Philipp Reclam jun.  |c 1986 
300 |a 477 s.  |c 8° 
700 1 |a Wolter, Heinz  |4 upr  |9 633328 
958 |a OND 
999 |c 976306  |d 978236 
952 |t P60, <04>, [BOOK], {604}  |a SNK  |b SNK  |y VYP  |7 0  |o snkID 85861  |i snkZK 1687/87  |0 0  |1 0  |4 0  |d 1998-05-20  |l 0  |r 2005-01-02 00:00:00  |w 2026-02-24